书目信息 |
| 题名: |
SA8000与中国企业社会责任建设
|
|
| 作者: | 黎友焕 编著 | |
| 分册: | ||
| 出版信息: | 北京 中国经济出版社 2004.09 |
|
| 页数: | 384页 | |
| 开本: | 21cm | |
| 丛书名: | ||
| 单 册: | ||
| 中图分类: | X92-65 | |
| 科图分类: | ||
| 主题词: | 劳动保护--lao dong bao hu--劳动管理--国际标准--学习参考资料 | |
| 电子资源: | ||
| ISBN: | 7-5017-6601-0 | |
| 000 | 00954nam0 2200253 450 | |
| 001 | 012008184808 | |
| 005 | 20080315112705.98 | |
| 010 | @a7-5017-6601-0@dCNY26.00 | |
| 100 | @a20080315d2004 km y0chiy0120 ea | |
| 101 | 0 | @achi |
| 102 | @aCN@b110000 | |
| 105 | @aa a 000yy | |
| 106 | @ar | |
| 200 | 1 | @aSA8000与中国企业社会责任建设@ASA8000 yu zhong guo qi ye she hui ze ren jian she@f黎友焕编著@Fli you huan bian zhu |
| 210 | @a北京@c中国经济出版社@d2004.09 | |
| 215 | @a384页@c图@d21cm | |
| 300 | @a广东省哲学社会科学"十五"规划项目 广东省社会科学院2004年度重点项目 香港社会科学院2004-2005重点项目 | |
| 320 | @a有书目 (第369-371页)。 | |
| 330 | @aSA8000是世界上第一个社会道德责任标准,本书全面论述了其产生、内容及对我国企业的影响。 | |
| 606 | 0 | @a劳动保护@Alao dong bao hu@x劳动管理@x国际标准@j学习参考资料 |
| 690 | @aX92-65@v4 | |
| 701 | 0 | @a黎友焕@Ali you huan@4编著 |
| 801 | 0 | @aCN@bQSSK@c20080315 |
| 905 | @b20283733-35@dX92-65@eL111@f3 | |
| SA8000与中国企业社会责任建设/黎友焕编著.-北京:中国经济出版社,2004.09 |
| 384页:图;21cm |
| 广东省哲学社会科学"十五"规划项目 广东省社会科学院2004年度重点项目 香港社会科学院2004-2005重点项目 |
| ISBN 7-5017-6601-0:CNY26.00 |
| SA8000是世界上第一个社会道德责任标准,本书全面论述了其产生、内容及对我国企业的影响。 |
| ● |
| 相关链接 |
|
|
|
正题名:SA8000与中国企业社会责任建设
索取号:X92-65/L111
 
预约/预借
| 序号 | 登录号 | 条形码 | 馆藏地/架位号 | 状态 | 备注 |
| 1 | 283733 | 202837332 | 自科库501/501自科库 119排2列4层/ [索取号:X92-65/L111] | 在馆 | |
| 2 | 283734 | 202837341 | 自科库501/501自科库 119排2列4层/ [索取号:X92-65/L111] | 在馆 | |
| 3 | 283735 | 202837350 | 期刊室512/501自科库 119排2列4层/ [索取号:X92-65/L111] | 在馆 |